000 00702nam a2200265Ia 4500
005 20260121165841.0
008 008 260114s9999 xx 000 0 eng d
020 _a9783658127428
037 _aEBOOK
040 _aCRL
040 _beng
040 _cCRL
041 _2eng
041 _aeng
084 _qCRL
100 _aRahamatullah Khondoker
_91056810
245 0 _aDescription and Selection of Communication Services for Service Oriented Network Architectures
260 _bSpringer
260 _bSpringer
260 _c2016
856 _uhttps://link.springer.com/openurl?genre=book&isbn=978-3-658-12742-8
942 _cEBOOK
999 _c1622538
_d1622538